000 00480nam a2200169Ia 4500
003 OSt
005 20200707130317.0
008 190216s9999||||xx |||||||||||||| ||und||
040 _coclc
082 _a948
_bTAN/F
100 _aTaneja, Narendra
_93613
245 4 _aThe Far People A Norwegian Journal /
_cNarendra Taneja
260 _bMedia People,
_c1992.
_aNew Delhi:
300 _a118p
650 _aHistory
942 _cBK
_2ddc
_h948
_iTAN/F
_k948
_mTAN/F
999 _c21573
_d21573